000
00326nam a22001337a 4500
008
170906b xxu||||| |||| 00| 0 eng d
020
_a
9780132225106
041
_a
eng
080
_a
72
100
_a
41
101
_a
ARK
245
_a
AUTOCAD 2007 FOR INTERIOR DESIGN AND SPACE PLANNING
_c
KIRKPATRICK, B.L
942
_2
udc
_c
BK
999
_c
26237
_d
26237